¿Cómo y de qué viven las familias de los niños trabajadores?
Gardado en:
| Formato: | Libro |
|---|---|
| Idioma: | Spanish |
| Etiquetas: |
Engadir etiqueta
Sen Etiquetas, Sexa o primeiro en etiquetar este rexistro!
|
MARC
| LEADER | 00000nam a22000007a 4500 | ||
|---|---|---|---|
| 003 | cru CIDCACS/IIS | ||
| 005 | 20190222154425.0 | ||
| 007 | ta | ||
| 008 | 190222s1998 cr b||p|r||||||0| ||spa d | ||
| 999 | |c 42199 |d 42199 | ||
| 040 | |c cru CIDCACS/IIS | ||
| 245 | 0 | |a ¿Cómo y de qué viven las familias de los niños trabajadores? | |
| 300 | |a páginas 10-11 | ||
| 773 | 0 | |0 42196 |9 2676 |a Instituto Centroamericano de Estudios Sociales (Costa Rica) |d San José, Costa Rica: Instituto Centroamericano de Estudios Sociales, 1993- |o 18312 |t Perspectiva Centroamericana y del Caribe/ | |
| 942 | |2 ddc |c PP | ||
